000
00226 a2200097 4500
001
48800
100
_a
Geiger
245
_a
VLSI Design techniques for analog & digital
260
_a
N.Y
_b
McGraw-Hill
_c
090
_c
31700
_d
31700
942
_a
NUST-CAE
_c
M
_c
24115
999
_c
283873
_d
283873